| 000 | 02365cam a22004934i 4500 | ||
|---|---|---|---|
| 003 | PE-LiUPU | ||
| 005 | 20250731172754.0 | ||
| 008 | 150617s r 000 0 d | ||
| 035 | _a(Sirsi) a12738 | ||
| 040 |
_aPE-LiUPU _bspa _cPE-LiUPU _erda |
||
| 049 | _aPRUA | ||
| 082 | 0 | 4 |
_a234.09 _bF83 _221 |
| 100 | 1 |
_aFrisque, Jean, _eautor. |
|
| 245 | 1 | 4 |
_aUna teología de la historia de la salvación / _cJean Frisque. |
| 264 | 1 |
_a[Barcelona] : _bEditorial Estela, _c1966. |
|
| 300 |
_a350 páginas ; _c21 cm. |
||
| 336 |
_atext _2rdacontent |
||
| 337 |
_aunmediated _2rdamedia |
||
| 338 |
_avolume _2rdacarrier |
||
| 490 | 0 |
_aColección Theología ; _v7 |
|
| 505 | 0 | _aLos principios exegéticos de Culmann: El rechazo de las posiciones de la escuela liberal -- La opción personal de Cullmann -- La oposición radical a la "desmitización"de R. Bultman. La teología de la historia de la salvación según Cullmann: Cristo y la historia de la salvación -- La realeza de Cristo y la iglesia -- La fundación y la edificación de la iglesia -- El papel del cristiano en la historia de la salvación. Principales orientaciones para un diálogo crítico: Límites del método cullmmaniano -- Insuficiencias de la teología culmmaniana de la historia de la salvación. | |
| 526 | _aSEG42 | ||
| 526 | _aSEG41 | ||
| 526 | _aSEG40 | ||
| 526 | _aSEG39 | ||
| 526 | _aP94 | ||
| 526 | _aP87 | ||
| 526 | _aP86 | ||
| 526 | _aP85 | ||
| 526 | _aP77 | ||
| 526 | _aP76 | ||
| 526 | _aP35 | ||
| 650 | 1 | 4 | _aTeología moral. |
| 910 |
_ajck _bjvq _cjck _d20150616 |
||
| 942 |
_2ddc _cBOOK |
||
| 949 |
_a230.8 7 _wDEWEY _c2 _i14182 _lCCODEBUL1 _mBUL _p90 _r0 _sY _tBOOK _u19751125 _xTEOLOGIA _PP35 _0COMPRA _o.STAFF. Colección general |
||
| 949 |
_a234.09 F83 _wDEWEY _c1 _i37682 _lCCODEBUL1 _mBUL _p110 _r0 _sY _tBOOK _u2015-04-21 _xTEOLOGIA _PP35 _0COMPRA _o.STAFF. Colección General |
||
| 994 |
_aC0 _bPEPRU |
||
| 596 | _a1 | ||
| 999 |
_a230.8 7 _wDEWEY _c3029 _i14182 _d3029 _f2021-11-11 _g5 _lCCODEBUL1 _mBUL _q1 _r0 _sY _tBOOK _u2015-6-17 _xTEOLOGIA _PP35 _0COMPRA _o.STAFF. Colección general |
||
| 999 |
_a234.09 F83 _wDEWEY _c1 _i37682 _d2017-11-13 _f2021-11-10 _g5 _lCCODEBUL1 _mBUL _q3 _r0 _sY _tBOOK _u2015-4-21 _xTEOLOGIA _PP35 _0COMPRA _o.STAFF. Colección General |
||
| 980 |
_81 _gALBERTO SANCHEZ Responsable de Automatización |
||